|
|
|
|
| LEADER |
00000nam0a2200000 4500 |
| 001 |
257628 |
| 005 |
20231101233224.0 |
| 020 |
|
|
|a RU
|b 88-4486
|
| 035 |
|
|
|a (RuTPU)RU\TPU\book\280442
|
| 090 |
|
|
|a 257628
|
| 100 |
|
|
|a 20140418d1987 m a0rusy5003 ca
|
| 101 |
0 |
|
|a rus
|
| 102 |
|
|
|a RU
|
| 105 |
|
|
|a y z 001zy
|
| 200 |
1 |
|
|a Методологические проблемы художественной критики
|f Всесоюзный научно-исследовательский институт искусствознания (ВНИИИ) ; под ред. А. Я. Зися
|
| 210 |
|
|
|a Москва
|c Искусство
|d 1987
|
| 215 |
|
|
|a 334 с.
|
| 606 |
1 |
|
|a Художественная критика
|2 stltpush
|3 (RuTPU)RU\TPU\subj\17672
|9 43248
|
| 610 |
1 |
|
|a методологические проблемы
|
| 610 |
1 |
|
|a история
|
| 610 |
1 |
|
|a субъективное восприятие
|
| 610 |
1 |
|
|a средства массовой коммуникации
|
| 610 |
1 |
|
|a искусство
|
| 610 |
1 |
|
|a теория
|
| 610 |
1 |
|
|a массовая коммуникация
|
| 686 |
|
|
|a Ю85
|2 rubbk
|
| 702 |
|
1 |
|a Зись
|b А. Я.
|g Авнер Яковлевич
|4 340
|
| 712 |
0 |
2 |
|a Всесоюзный научно-исследовательский институт искусствознания (ВНИИИ)
|c (1961-1991)
|c (Москва)
|2 stltpush
|3 (RuTPU)RU\TPU\col\9567
|
| 801 |
|
0 |
|a RU
|b RuMRKP
|c 19950417
|g psbo
|
| 801 |
|
1 |
|a RU
|b 63413507
|c 20140418
|
| 801 |
|
2 |
|a RU
|b 63413507
|c 20141010
|g RCR
|
| 942 |
|
|
|c BK
|